| 000 | 02107nam a2200361 i 4500 | ||
|---|---|---|---|
| 001 | 768714001 | ||
| 003 | CO-MdFUSB | ||
| 005 | 20240821152420.0 | ||
| 007 | ta | ||
| 008 | 240522t2011 ec a|||| |||| 00| 0 spa d | ||
| 020 | _a[No incluye ISBN] | ||
| 040 |
_aCO-MdFUSB _bspa _cCO-MdFUSB _dCO-MdFUSBC _erda |
||
| 041 | _aspa | ||
| 082 |
_223 _a262 _bM296 |
||
| 100 |
_aManzo Montesdeoca, Ángel, _eautor |
||
| 245 | 1 |
_aPrefacio a una teología del ser y el quehacer de la iglesia : _bpara interpretar la misión hoy _c/ Ángel Manzo Montesdeoca ; editado por Dorothy Bucher , Johana Jaramillo. |
|
| 264 | 1 |
_bMisión Alianza Publicaciones, _aGuayaquil, Ecuador : _c[2011] |
|
| 264 | 4 | _c©2011 | |
| 300 |
_a82 páginas _c; 21 cm |
||
| 336 |
_2rdacontent _atexto _btxt |
||
| 337 |
_2rdamedia _asin mediación _bn |
||
| 338 |
_2rdacarrier _avolumen _bnc |
||
| 505 |
_tCapítulo I: Marco contextual: _aGénesis de una iglesia contemporánea. |
||
| 505 |
_tCapítulo II: Marco Teológico: _aLa iglesia es pueblo de Dios. -- La iglesia es santa y mundana. -- La iglesia es comunidad redimida. -- La iglesia es koinonía de discípulos. -- La iglesia es profética. -- La iglesia es Missio Dei. -- La iglesia es manifestación del reinado de Dios. -- La iglesia es cristiana. -- La iglesia es cuerpo de Cristo. -- La iglesia es para los demás. |
||
| 505 |
_tCapítulo III: Marco práctico: _aNos hacemos pueblo peregrino en actitud doxológica. -- Actuamos diferente y encarnados. -- Asumimos la prioridad de restaurar y redimir, no condenar. -- Participamos del discipulado del Maestro. -- Nos comprometemos con nuestra sociedad y su bienestar. -- Hacemos misiones desde el proyecto de Dios. -- Trabajamos para extender el reinado y la gloria de Dios. -- Proclamamos con vida y acción a Jesucristo. -- Caminamos en unidad mostrando a Cristo. -- No somos fin, sino medio para y con los demás. |
||
| 563 | _aRústico | ||
| 650 | 7 |
_aIglesia _9655 |
|
| 653 | _aEclesiología | ||
| 700 |
_aBucher, Dorothy, _99687 _eeditor |
||
| 700 |
_aJaramillo, Johana, _99688 _eeditor |
||
| 942 | _cBK | ||
| 945 | _aJTF-925 | ||
| 999 |
_c69846 _d69846 |
||